Значимость систем мониторинга негативных факторов среды обитания; Экология и безопасность в техносфере: современные проблемы и пути решения

Manylion Llyfryddiaeth
Parent link:Экология и безопасность в техносфере: современные проблемы и пути решения.— 2016.— [С. 295-297]
Prif Awdur: Кононыхина А. Д.
Awdur Corfforaethol: Национальный исследовательский Томский политехнический университет (ТПУ) Юргинский технологический институт (филиал) (ЮТИ) Кафедра безопасности жизнедеятельности, экологии и физического воспитания (БЖДЭФВ)
Awduron Eraill: Гайдамак М. А., Орлова К. Н. Ксения Николаевна
Crynodeb:Заглавие с экрана
В данной работе изучен порядок проведения мониторинга на территории Российской Федерации. Обозначены основные задачи социально-гигиенического мониторинга. Определена необходимость активного участия всех членов общества, а не отдельных ее составляющих.
In this paper we studied the procedure of monitoring on the territory of the Russian Federation. It outlined the main objectives of social and hygienic monitoring. The necessity of all society members active participation, rather than its individual components is revealed.
Iaith:Rwseg
Cyhoeddwyd: 2016
Cyfres:Экологический мониторинг и управление природоохранной деятельностью
Pynciau:
Mynediad Ar-lein:http://earchive.tpu.ru/handle/11683/35328
Fformat: MixedMaterials Electronig Pennod Llyfr
KOHA link:https://koha.lib.tpu.ru/cgi-bin/koha/opac-detail.pl?biblionumber=621100

MARC

LEADER 00000naa2a2200000 4500
001 621100
005 20231102023907.0
035 |a (RuTPU)RU\TPU\conf\19665 
035 |a RU\TPU\conf\19663 
090 |a 621100 
100 |a 20161128d2016 k y0rusy50 ca 
101 0 |a rus 
102 |a RU 
105 |a y z 101zy 
135 |a drgn ---uucaa 
181 0 |a i  
182 0 |a b 
200 1 |a Значимость систем мониторинга негативных факторов среды обитания  |f А. Д. Кононыхина, М. А. Гайдамак, К. Н. Орлова 
203 |a Текст  |c электронный 
225 1 |a Экологический мониторинг и управление природоохранной деятельностью 
230 |a 1 компьютерный файл (pdf; 268 Кb) 
300 |a Заглавие с экрана 
320 |a [Библиогр.: с. 297 (8 назв.)] 
330 |a В данной работе изучен порядок проведения мониторинга на территории Российской Федерации. Обозначены основные задачи социально-гигиенического мониторинга. Определена необходимость активного участия всех членов общества, а не отдельных ее составляющих. 
330 |a In this paper we studied the procedure of monitoring on the territory of the Russian Federation. It outlined the main objectives of social and hygienic monitoring. The necessity of all society members active participation, rather than its individual components is revealed. 
463 0 |0 (RuTPU)RU\TPU\conf\19571  |t Экология и безопасность в техносфере: современные проблемы и пути решения  |o сборник трудов Всероссийской научно-практической конференции, г. Юрга, 17-19 ноября 2016 г.  |f Национальный исследовательский Томский политехнический университет (ТПУ), Юргинский технологический институт (ЮТИ) ; под ред. Д. А. Чинахова [и др.]  |v [С. 295-297]  |d 2016 
610 1 |a труды учёных ТПУ 
610 1 |a электронный ресурс 
610 1 |a мониторинг 
610 1 |a негативные факторы 
610 1 |a среда обитания 
610 1 |a социально-гигиенический мониторинг 
610 1 |a окружающая среда 
700 1 |a Кононыхина  |b А. Д. 
701 1 |a Гайдамак  |b М. А. 
701 1 |a Орлова  |b К. Н.  |c физик  |c доцент Юргинского технологического института (филиала) Томского политехнического университета, кандидат технических наук  |f 1985-  |g Ксения Николаевна  |2 stltpush  |3 (RuTPU)RU\TPU\pers\28212  |9 13166 
712 0 2 |a Национальный исследовательский Томский политехнический университет (ТПУ)  |b Юргинский технологический институт (филиал) (ЮТИ)  |b Кафедра безопасности жизнедеятельности, экологии и физического воспитания (БЖДЭФВ)  |h 2240  |2 stltpush  |3 (RuTPU)RU\TPU\col\18930 
801 2 |a RU  |b 63413507  |c 20161216  |g RCR 
856 4 |u http://earchive.tpu.ru/handle/11683/35328 
942 |c BK